| 000 | 00468nam a2200205Ia 4500 | ||
|---|---|---|---|
| 008 | 170918s9999 xx 000 0 und d | ||
| 020 | _a9780545230766 | ||
| 050 | _bR888 2009 | ||
| 100 | _aRoy, Ron | ||
| 245 | _aJanuary joker / | ||
| 245 | _cRon Roy. | ||
| 260 | _aNew York : | ||
| 260 | _bScholastic, | ||
| 260 | _c2009 | ||
| 300 | _a74 pages : | ||
| 300 | _bcolored illustration ; | ||
| 300 | _c19cm. | ||
| 440 | _aCalendar mysteries. | ||
| 500 | _a380 | ||
| 999 |
_c341258 _d341258 |
||